000 00434nam a22001697a 4500
005 20160520111804.0
008 160520b xxu||||| |||| 00| 0 eng d
020 _a978-81-775-8170-6
041 _aeng
082 _b3451
100 _aKalpak ji as S & Schmid S.R.
_9864
245 _aManufachring and Technology
260 _aDelhi
_bPearson Education,
_c2005
300 _a1168
650 _aDIPLOMA ENGINEERING
_9817
942 _cBK
999 _c1183
_d1183